Football: Clubs relégués en Ligue 2 depuis la saison 2002-2003 - Statistiques

Statistiques générales
  • Ce quiz a été pris 982 fois
  • Le résultat moyen est 25 sur 33
Statistiques - réponses
Réponse % Correct
Girondins de Bordeaux
96%
AS Saint-Étienne
95%
FC Metz
92%
RC Lens
91%
Toulouse FC
89%
FC Nantes
88%
AC Ajaccio
87%
GFC Ajaccio
87%
RC Strasbourg
86%
AJ Auxerre
84%
FC Lorient
84%
SC Bastia
84%
ES Troyes AC
83%
Stade Brestois
82%
Stade de Reims
81%
AS Monaco
79%
Nîmes Olympique
79%
AS Nancy-Lorraine
78%
Dijon FCO
78%
FC Sochaux-Montbéliard
77%
SM Caen
77%
Montpellier HSC
76%
Amiens SC
75%
EA Guingamp
75%
Le Havre AC
74%
Evian Thonon Gaillard FC
68%
Valenciennes FC
66%
Grenoble Foot 38
64%
CS Sedan-Ardennes
56%
Le Mans UC
53%
AC Arles-Avignon
51%
FC Istres OP
42%
US Boulogne
41%
Aucun quiz correspondant
Distribution des résultats
% des personnes avec chaque résultat
Percentile par nombre de réponses
Votre historique - résultats
Vous n’avez pas pris ce quiz